000 00518nam a2200217 a 4500
999 _c4164
_d4164
001 4164
003 BD-JhCC
005 20171123184823.0
008 171116s1948 uk |||| |||| 000 0 eng d
035 _a(BD-JhCC)
040 _aBD-JhCC
_dBD-JhCC
041 _aeng
082 _a621.8
_bJOS 1948
100 _aJoselin, F. E.
245 _aMachines /
_cF. E. Joselin
260 _aLondon :
_bOxford University Press,
_c1948
300 _a63 p.;
_c14 cm.
650 _aMachinery
650 _aScience
942 _2ddc
_cBK